Vista normal
Vista MARC
Entrada Topical Term
Número de registros utilizados en: 1
001 - CONTROL NUMBER
- control field: 14126
003 - CONTROL NUMBER IDENTIFIER
- control field: OSt
005 - DATE AND TIME OF LATEST TRANSACTION
- control field: 20230915230244.0
008 - FIXED-LENGTH DATA ELEMENTS
- fixed length control field: 230915|| aca||aabn | a|a d
040 ## - CATALOGING SOURCE
- Original cataloging agency: OSt
- Transcribing agency: OSt
150 ## - HEADING--TOPICAL TERM
- Topical term or geographic name entry element: BOLIVAR SIMON 1783 - 1830 - DISCURSOS
670 ## - SOURCE DATA FOUND
- Source citation: Work cat.: (OSt)21823: Chivan ; Alicia, Figueroa Sola Eulalia, 14124, Discursos Bolivarianos : , 1997